The mind of the strategist : The art of Japanese business

में बचाया:
ग्रंथसूची विवरण
मुख्य लेखक: Ohmae, Kenichi
स्वरूप: पुस्तक
भाषा:Undetermined
प्रकाशित: New York McGraw-Hill 1982
विषय:
टैग : टैग जोड़ें
कोई टैग नहीं, इस रिकॉर्ड को टैग करने वाले पहले व्यक्ति बनें!
Thư viện lưu trữ: Trung tâm Học liệu Trường Đại học Cần Thơ
LEADER 00537nam a2200205Ia 4500
001 CTU_97995
008 210402s9999 xx 000 0 und d
082 |a 658.4 
082 |b O.38 
100 |a Ohmae, Kenichi 
245 4 |a The mind of the strategist : 
245 4 |b The art of Japanese business 
245 0 |c Kenichi Ohmae 
260 |a New York 
260 |b McGraw-Hill 
260 |c 1982 
650 |a Industrial management 
650 |z Japan 
904 |i Hiếu 
980 |a Trung tâm Học liệu Trường Đại học Cần Thơ